Once upon a time saison 1>Personnage - Statistiques

Statistiques générales
  • Ce quiz a été pris 707 fois
  • Le résultat moyen est 11 sur 39
Statistiques - réponses
Aide Personnage % Correct
La sauveuse Emma Swan
97%
Maire Regina Mills
89%
Lecteur Henry Mills
66%
Véritable amour (Homme) David Nolan
58%
Véritable amour (femme) Mary Margaret Blanchard
51%
P leroy/grincheux
45%
Dragon Maléfique
42%
T atchoum
40%
S prof
40%
nains simplet
38%
I dormeur
37%
E joyeux
37%
Derriére les apparences Belle
36%
Reine de partout Cora
33%
T timide
33%
chapeau,chapeau,chapeau... jefferson
30%
Transformation Ruby / Scarlett
30%
N'a pas respecter son devoir August / Pinocchio
27%
Mére superieur La fée bleu
25%
Bienvenue chez nous Granny
22%
Fromage Gus
22%
Maitre maléfique Rumplestiltskin
22%
1/2 (une sur deux) Cendrillon
21%
Psycologue Archie Hopper
18%
Réparation gepetto
16%
Froter et regarder Sidney
15%
Chasseur aimant Graham Humbert
11%
Gourmandise Hansel et Gretel
11%
Valet de coeur Will Scarlet
10%
Or Roi Midas
9%
épouse insatisfaite kathryn nolan
8%
"Vener mes enfants" La sorciére Aveugle
8%
Réfugier Neal Cassidy
7%
Tache (noire) Pongo
7%
L'aitre que j'aime le plus au monde Henri mills
6%
Petit retard Alice aux Pays des Merveilles
1%
Recoudre Frankestein
1%
Sa la .............magic............ Maraine la bonne fee
1%
Enfants Roi Goerge
0%
Aucun quiz correspondant
Distribution des résultats
% des personnes avec chaque résultat
Percentile par nombre de réponses
Votre historique - résultats
Vous n’avez pas pris ce quiz